|
|
|
|
| LEADER |
01078nam a2200313Ia 4500 |
| 008 |
240830s9999 xx 000 0 und d |
| 040 |
|
|
|a BIBLIOTECA-RUPAP Mon 658.8 C331
|
| 041 |
|
|
|a spa
|
| 082 |
|
|
|a Mon 658.8 C331
|
| 100 |
1 |
|
|a Carvajal Lezcano, Geraldine Mercedes
|
| 100 |
1 |
|
|b Granera Martínez, Rolando José
|
| 100 |
1 |
|
|c Úbeda Herrera, Germán Alcides
|
| 245 |
1 |
0 |
|a Plan estratégico para el departamento de comercialización de Industrias Toro S.A.
|
| 260 |
|
|
|a Managua
|b UNI
|c 2004
|
| 300 |
|
|
|a 145 p. :il.
|
| 500 |
|
|
|a Contiene: anexos.
|
| 502 |
|
|
|a Tesis (Ingeniero de Sistemas)- UNI, 2004.
|
| 650 |
7 |
|
|a ADMINISTRACIÓN DE LA DISTRIBUCIÓN (MERCADO) INDUSTRIA TORO S.A.
|
| 650 |
7 |
|
|b ANÁLISIS DE MERCADO - INDUSTRIA DE CALZADO
|
| 650 |
7 |
|
|c COMPORTAMIENTO DEL CONSUMIDOR
|
| 650 |
7 |
|
|d PLAN ESTRATÉGICO
|
| 650 |
7 |
|
|e ANÁLISIS Y DISEÑO - WEB
|
| 650 |
7 |
|
|f CANALES DE DISTRIBUCIÓN
|
| 650 |
7 |
|
|g PROMOCIÓN
|
| 650 |
7 |
|
|h PUBLICIDAD.
|
| 700 |
1 |
|
|a Tutor:
|b Caldera Alfaro, Mario José
|
| 942 |
|
|
|c BK
|2 ddc
|
| 991 |
|
|
|a TESIS
|
| 999 |
|
|
|c 17623
|